• 首页
  • 本馆介绍
  • 公告通知
  • 最新文献
  • 馆藏检索
  • 电子资源
  • 读者导购
  • 参考咨询
  • 我的图书馆
  • 登录
  • 详细信息显示
  • 放入我的书架
  • 预约/预借图书
  • 作者相关作品
  • 分类相关作品
  • 丛书相关作品
  • 出版社相关作品

书目信息

  • 表格格式
  • 工作单格式
  • 卡片格式
题名:
复数与几何
    
 
作者: ;北京市数学会 编
分册:  
出版信息: 北京   人民教育出版社  1964
页数: 69页
开本: 20cm
丛书名: 数学小丛书(13)
单 册:
中图分类: O1-51
科图分类:
主题词: 数学
电子资源:
ISBN:
000 00633nam0 2200229 450
001 0632684235
005 20060818084156.14
010    @dCNY0.20
100    @a20060721d1964 km y0chiy0120 ea
101 0  @achi
102    @aCN@b110000
102    @aCN@b110000
200 1  @a复数与几何@Afu shu yu ji he@f北京市数学会编@Fbei jing shi shu xue hui bian
210    @a北京@c人民教育出版社@d1964
215    @a69页@d20cm
225 2  @a数学小丛书(13)
410  0 @12001 @a数学小丛书(13)
606 0  @a数学
690    @aO1-51@v3
711  0 @a北京市数学会@Abei jing shi shu xue hui@4编
801  0 @aCN@bPFT@c20060818
905    @a10447@dO1-51@e264
    
    复数与几何/北京市数学会编.-北京:人民教育出版社,1964
    69页;20cm.-(数学小丛书(13))
    
    
    ISBN :CNY0.20
    
●
相关链接 在E读中查询图书 在五车中查询图书 在当当中查询图书 在豆瓣中查询图书


正题名:复数与几何     索取号:O1-51/264         预约/预借

序号 登录号 条形码 馆藏地/架位号 状态 备注
1 0430355   204303556   密集书库/ [索取号:O1-51/264] 在馆    
2 0430356   204303565   密集书库/ [索取号:O1-51/264] 在馆    
3 0430357   204303574   密集书库/ [索取号:O1-51/264] 在馆    
4 0430568   204305689   密集书库/ [索取号:O1-51/264] 在馆    
5 0430569   204305698   密集书库/ [索取号:O1-51/264] 在馆    
6 0430570   204305705   密集书库/ [索取号:O1-51/264] 在馆    
7 0430571   204305714   密集书库/ [索取号:O1-51/264] 在馆    
8 0430572   204305723   密集书库/ [索取号:O1-51/264] 在馆    
9 0430573   204305732   密集书库/ [索取号:O1-51/264] 在馆    
10 0431926   204319264   密集书库/ [索取号:O1-51/264] 在馆    
11 0442382   204423828   密集书库/ [索取号:O1-51/264] 在馆    
12 0468558   204685581   密集书库/ [索取号:O1-51/264] 在馆    
欢迎您!
大连网信软件有限公司© 版权所有